Trovas del tiempo añejo /
Guardado en:
| Autor principal: | |
|---|---|
| Formato: | Desconocido |
| Lenguaje: | Spanish |
| Publicado: |
Santo Domingo, República Dominicana :
Editora Universitaria de la Universidad Autónoma de Santo Domingo,
c1986.
|
| Materias: | |
| Etiquetas: |
Agregar Etiqueta
Sin Etiquetas, Sea el primero en etiquetar este registro!
|
MARC
| LEADER | 000000000a22000000004500 | ||
|---|---|---|---|
| 001 | 003303 | ||
| 041 | 0 | |a spa | |
| 082 | 0 | 4 | |a RD861.4 |b D249t |
| 100 | 1 | |a David, León, |d 1945- | |
| 245 | 1 | 0 | |a Trovas del tiempo añejo / |c León David. |
| 260 | 1 | |a Santo Domingo, República Dominicana : |b Editora Universitaria de la Universidad Autónoma de Santo Domingo, |c c1986. | |
| 300 | |a 160 páginas | ||
| 650 | 4 | |a LITERATURA DOMINICANA | |
| 650 | 4 | |a POESIA | |
| 999 | |c 9555 |d 9555 | ||
| 942 | |c BK |h RD861.4 D249t |2 z | ||
